000 00333nam a2200133Ia 4500
005 20260328104312.0
008 260328s9999||||xx |||||||||||||| ||und||
100 _aLocker, Pam
245 0 _aDiseño de Exposiciones /
_cPam Locker
260 _bGustavo Gili
300 _a179 p.
650 _aDECORACIÓN DE INTERIORES
942 _cBK
999 _c11012
_d11012